00629nam a2200169 i 450000100060000000300090000600500170001500700030003200800410003510000440007624500790012026000560019930000330025585200320028899900170032095201220033739069ES-MaACL20230906155902.0t|030227s1966 sp ||||1| spa d1 aCampoy García, José María.93429410aAlcaldes de Lorca desde las Cortes de Cádiz / cJosé María García. a[S.l. : bs.n., c1966] (eMurcia : fImp. Belkrom) a241 p., 12 lám. ; c21 cm. aES-MaACLjC-31878 bR.62116 c39069d39069 00104070aATENEOMbATENEOMcDEPO2d2008-01-17eSCl0oC-31878p1041144r2023-02-23 00:00:00w2023-02-23yMONOGRAFIA